[Event "Doeberl Cup"]
[Site "Canberra AUS"]
[Date "2010.04.01"]
[Round "1"]
[White "Li Chao2"]
[Black "Chowdhury, So"]
[Result "1-0"]
[WhiteElo "2634"]
[BlackElo "2194"]
[PlyCount "45"]
[EventDate "2010.04.01"]
[EventType "swiss"]
[EventRounds "9"]
[EventCountry "AUS"]
[Source "Mark Crowther"]
[SourceDate "2010.04.05"]

1. e4 e5 2. Nf3 Nc6 3. d4 exd4 4. Nxd4 Bc5 5. Be3 Qf6 6. c3 Nge7 7. Bc4 Nxd4 8.
cxd4 Bb4+ 9. Nc3 c6 10. Bd3 d5 11. e5 Qh4 12. O-O Nf5 13. Nxd5 Ba5 14. b4 O-O
15. g3 Qd8 16. Nf6+ gxf6 17. bxa5 Nxe3 18. Qh5 Nf5 19. Bxf5 Bxf5 20. Qxf5 fxe5
21. dxe5 Qxa5 22. Rfe1 Rae8 23. Qg5+ 1-0

[Event "Doeberl Cup"]
[Site "Canberra AUS"]
[Date "2010.04.01"]
[Round "1"]
[White "Malaniuk, V."]
[Black "Wright, N."]
[Result "1-0"]
[WhiteElo "2563"]
[BlackElo "2185"]
[PlyCount "77"]
[EventDate "2010.04.01"]
[EventType "swiss"]
[EventRounds "9"]
[EventCountry "AUS"]
[Source "Mark Crowther"]
[SourceDate "2010.04.05"]

1. d4 Nc6 2. Nf3 d5 3. c4 Bg4 4. Nc3 e6 5. cxd5 exd5 6. Bf4 Bxf3 7. gxf3 Bd6 8.
Bg3 Nge7 9. e3 f5 10. f4 Qd7 11. a3 a6 12. Bg2 Qe6 13. O-O Nd8 14. b4 c6 15.
Na4 h5 16. h3 h4 17. Bh2 Ng8 18. Kh1 Nf6 19. Rg1 Ne4 20. Qc2 Nf7 21. Nb2 g5 22.
fxg5 Nfxg5 23. f4 O-O-O 24. fxg5 Ng3+ 25. Bxg3 hxg3 26. Rge1 Rh4 27. Nd3 Rdh8
28. Nf4 Qd7 29. Kg1 Bxf4 30. exf4 Rxf4 31. Rf1 Re4 32. Rae1 Rhh4 33. Qd3 Qd6
34. Re3 Rxd4 35. Qxf5+ Kc7 36. Qe5 Qxe5 37. Rxe5 Rh5 38. Ref5 Rd3 39. g6 1-0

[Event "Doeberl Cup"]
[Site "Canberra AUS"]
[Date "2010.04.01"]
[Round "1"]
[White "Dhar Barua, S."]
[Black "Jones, G."]
[Result "0-1"]
[WhiteElo "2184"]
[BlackElo "2554"]
[PlyCount "60"]
[EventDate "2010.04.01"]
[EventType "swiss"]
[EventRounds "9"]
[EventCountry "AUS"]
[Source "Mark Crowther"]
[SourceDate "2010.04.05"]

1. e4 g6 2. d4 Bg7 3. Nc3 d6 4. Be3 a6 5. Bc4 e6 6. a4 b6 7. Qd2 h6 8. f3 Ne7
9. Nge2 d5 10. Bb3 Nbc6 11. h4 Bb7 12. g4 Qd7 13. exd5 exd5 14. Nf4 Na5 15.
O-O-O O-O-O 16. Nce2 Bc6 17. Nc3 h5 18. Qe2 Bb7 19. Nd3 hxg4 20. fxg4 Nxb3+ 21.
cxb3 Nc6 22. Nf4 Na5 23. b4 Nc4 24. Bf2 Kb8 25. Rhe1 Bh6 26. Qf3 g5 27. hxg5
Bxg5 28. Kb1 Bc8 29. Nfxd5 Qxg4 30. Qxf7 Rh7 0-1

[Event "Doeberl Cup"]
[Site "Canberra AUS"]
[Date "2010.04.01"]
[Round "1"]
[White "Panchanathan, M."]
[Black "Brown, An"]
[Result "1-0"]
[WhiteElo "2493"]
[BlackElo "2088"]
[PlyCount "93"]
[EventDate "2010.04.01"]
[EventType "swiss"]
[EventRounds "9"]
[EventCountry "AUS"]
[Source "Mark Crowther"]
[SourceDate "2010.04.05"]

1. d4 Nf6 2. Nf3 g6 3. Bg5 Bg7 4. Nbd2 O-O 5. e4 h6 6. Bh4 d6 7. c3 Qe8 8. a4
e5 9. dxe5 dxe5 10. a5 Be6 11. Be2 Nbd7 12. O-O Nh5 13. a6 b6 14. Bb5 f6 15.
Nc4 Qf7 16. Ne3 Nc5 17. Nd2 Rad8 18. Qc2 Rxd2 19. Qxd2 Nxe4 20. Qd1 Nd6 21. Be2
Nf4 22. f3 f5 23. Re1 g5 24. Bf2 e4 25. fxe4 Bb3 26. Qc1 Nxe4 27. Bf1 Rd8 28.
Ra3 Nd3 29. Bxd3 Rxd3 30. Rxb3 Qxb3 31. Nxf5 Nxf2 32. Kxf2 Bf8 33. Kg1 Qd5 34.
Nd4 c5 35. Qc2 c4 36. Qf2 Bg7 37. Kh1 Qf7 38. Nf5 Bf8 39. Rf1 Kh7 40. Qe2 Qd5
41. Nd4 Bg7 42. Qe7 Rd2 43. Qb7 Qd8 44. Qxa7 Qf6 45. Rg1 g4 46. Qb7 g3 47. Qe4+
1-0

[Event "Doeberl Cup"]
[Site "Canberra AUS"]
[Date "2010.04.01"]
[Round "1"]
[White "Hacche, D."]
[Black "Smerdon, D."]
[Result "1/2-1/2"]
[WhiteElo "2152"]
[BlackElo "2502"]
[PlyCount "81"]
[EventDate "2010.04.01"]
[EventType "swiss"]
[EventRounds "9"]
[EventCountry "AUS"]
[Source "Mark Crowther"]
[SourceDate "2010.04.05"]

1. d4 e6 2. Nf3 Nf6 3. g3 b5 4. Bg2 Bb7 5. O-O c5 6. c3 Be7 7. a4 b4 8. dxc5
Bxc5 9. cxb4 Bxb4 10. Qb3 Na6 11. Nc3 O-O 12. Be3 Qe7 13. Rac1 e5 14. Rfd1 Rfb8
15. Nb5 d5 16. Nxe5 Qxe5 17. Bf4 Qxe2 18. Bxb8 Rxb8 19. Bf1 Qe8 20. Nd4 Ba5 21.
Bb5 Qf8 22. Qf3 Nc7 23. Bc6 Ne6 24. Nxe6 fxe6 25. Qe2 Ne4 26. f3 Nc5 27. Bxb7
Rxb7 28. Kg2 Bb4 29. Rc2 Qf5 30. Rd4 Nxa4 31. Rc8+ Bf8 32. Rxa4 e5 33. Rd8 d4
34. b4 Rc7 35. Ra2 Kf7 36. Qe4 Qxe4 37. fxe4 Bxb4 38. Rd5 Re7 39. Ra6 d3 40.
Rxd3 Bc5 41. Rd5 1/2-1/2

[Event "Doeberl Cup"]
[Site "Canberra AUS"]
[Date "2010.04.01"]
[Round "1"]
[White "Nakauchi, G."]
[Black "Bojkov, D."]
[Result "0-1"]
[WhiteElo "2102"]
[BlackElo "2521"]
[PlyCount "132"]
[EventDate "2010.04.01"]
[EventType "swiss"]
[EventRounds "9"]
[EventCountry "AUS"]
[Source "Mark Crowther"]
[SourceDate "2010.04.05"]

1. d4 Nf6 2. c4 g6 3. g3 Bg7 4. Bg2 O-O 5. Nf3 d6 6. Nc3 c6 7. O-O Qa5 8. h3 e5
9. e4 Nbd7 10. Re1 exd4 11. Nxd4 Ne5 12. Bf1 Re8 13. f4 Ned7 14. Nb3 Qc7 15.
Qd3 a5 16. Be3 a4 17. Nd2 Nc5 18. Bxc5 dxc5 19. e5 Rd8 20. Qe3 Ne8 21. Nde4 b6
22. Rad1 Rxd1 23. Rxd1 f5 24. exf6 Nxf6 25. Nxf6+ Bxf6 26. Qe8+ Kg7 27. Bg2
Bd4+ 28. Kh2 Bb7 29. Qe6 a3 30. b3 Rd8 31. Ne2 Qd6 32. Qe4 Rd7 33. f5 Re7 34.
Qd3 Bc8 35. fxg6 hxg6 36. Nxd4 cxd4 37. Qxd4+ Qxd4 38. Rxd4 Re2 39. g4 Rxa2 40.
Rd8 Be6 41. Ra8 b5 42. Kg3 b4 43. Bxc6 Rb2 44. Kf4 Kf6 45. g5+ Ke7 46. c5 Bxb3
47. Be4 Rd2 48. c6 Rd8 49. Ra7+ Kd6 50. h4 a2 51. Ke3 Kc5 52. Bxg6 Kb6 53. c7
Rc8 54. Rxa2 Bxa2 55. h5 Kxc7 56. h6 Kd6 57. Bf5 Be6 58. Bb1 Ke5 59. g6 Kf6 60.
Kf4 b3 61. g7 b2 62. Bd3 Rc1 63. h7 Kxg7 64. Ke5 Ba2 65. Bf5 Rc5+ 66. Kf4 Rxf5+
0-1

[Event "Doeberl Cup"]
[Site "Canberra AUS"]
[Date "2010.04.01"]
[Round "1"]
[White "Barua, D."]
[Black "McNamara, G."]
[Result "1-0"]
[WhiteElo "2473"]
[BlackElo "2119"]
[PlyCount "77"]
[EventDate "2010.04.01"]
[EventType "swiss"]
[EventRounds "9"]
[EventCountry "AUS"]
[Source "Mark Crowther"]
[SourceDate "2010.04.05"]

1. e4 c5 2. Nf3 e6 3. d4 cxd4 4. Nxd4 a6 5. Bd3 Qc7 6. O-O Nf6 7. c4 d6 8. Nc3
Nbd7 9. Be3 b6 10. Rc1 Bb7 11. b4 Be7 12. f4 O-O 13. f5 e5 14. Nb3 Rfc8 15. h3
Qd8 16. Qd2 h6 17. g3 a5 18. a3 axb4 19. axb4 Ra3 20. Qb2 Rca8 21. Ra1 Rxa1 22.
Rxa1 Rxa1+ 23. Qxa1 Qa8 24. Qxa8+ Bxa8 25. Kf2 Bd8 26. Kf3 Kf8 27. Nd5 Nxd5 28.
cxd5 Bb7 29. Nd2 Nb8 30. f6 Ba6 31. fxg7+ Kxg7 32. b5 Bc8 33. Nc4 Bxh3 34. Nxd6
Nd7 35. g4 h5 36. gxh5 Nf6 37. h6+ Kg8 38. Nc4 Nd7 39. Kg3 1-0

[Event "Doeberl Cup"]
[Site "Canberra AUS"]
[Date "2010.04.01"]
[Round "1"]
[White "Watson, Ja"]
[Black "Macak, S."]
[Result "0-1"]
[WhiteElo "2120"]
[BlackElo "2472"]
[PlyCount "122"]
[EventDate "2010.04.01"]
[EventType "swiss"]
[EventRounds "9"]
[EventCountry "AUS"]
[Source "Mark Crowther"]
[SourceDate "2010.04.05"]

1. e4 e6 2. d4 d5 3. e5 c5 4. c3 Qb6 5. Nf3 Nc6 6. a3 c4 7. Nbd2 Na5 8. g3 Bd7
9. h4 Ne7 10. Bh3 Qc7 11. O-O Nc8 12. Rb1 Nb6 13. Qe2 O-O-O 14. Ne1 Kb8 15. Ng2
f5 16. Nf4 Re8 17. Nf3 Rg8 18. Be3 g6 19. g4 Nc6 20. g5 Nd8 21. Kh2 Ba4 22. h5
Qf7 23. Nh4 Be7 24. Rg1 Nd7 25. Rbc1 b5 26. Rg3 Nf8 27. h6 Nc6 28. Nfg2 Kc7 29.
f4 a5 30. Ra1 Ra8 31. Nf3 Nd7 32. Ngh4 Ra6 33. Rgg1 Rga8 34. Rgc1 Qe8 35. Qe1
Qb8 36. Bf1 Nf8 37. Be2 b4 38. axb4 axb4 39. Kg3 Kd7 40. Qd2 Qb5 41. Ng1 Na5
42. Bd1 Bxd1 43. Qxd1 Nb3 44. Rxa6 Rxa6 45. Rb1 bxc3 46. bxc3 Ra2 47. Ne2 Qa5
48. Nf3 Qa3 49. Bc1 Qa4 50. Be3 Qa3 51. Bc1 Qa4 52. Be3 Kc7 53. Nc1 Nxc1 54.
Qxa4 Rxa4 55. Bxc1 Ra2 56. Rb2 Ra1 57. Bd2 Ba3 58. Rc2 Kc6 59. Kf2 Kb5 60. Bc1
Ka4 61. Ke2 Kb3 0-1

[Event "Doeberl Cup"]
[Site "Canberra AUS"]
[Date "2010.04.01"]
[Round "1"]
[White "Xie, G."]
[Black "Broekhuyse, P."]
[Result "1/2-1/2"]
[WhiteElo "2439"]
[BlackElo "2103"]
[PlyCount "68"]
[EventDate "2010.04.01"]
[EventType "swiss"]
[EventRounds "9"]
[EventCountry "AUS"]
[Source "Mark Crowther"]
[SourceDate "2010.04.05"]

1. d4 f5 2. g3 Nf6 3. Bg2 g6 4. Nh3 Bg7 5. Nf4 c6 6. h4 Qb6 7. h5 gxh5 8. e4
fxe4 9. Nxh5 Nxh5 10. Qxh5+ Kd8 11. c3 d5 12. Qf7 Bf6 13. Rxh7 Re8 14. Na3 Nd7
15. Nc2 Nf8 16. Rh6 Be6 17. Qh5 Rc8 18. f3 exf3 19. Qxf3 Rc7 20. b3 Rd7 21. Bf4
Bf5 22. Kd2 Be4 23. Qe2 Bxg2 24. Qxg2 Bg7 25. Rh5 e5 26. Bxe5 Bxe5 27. Rxe5
Rxe5 28. dxe5 d4 29. cxd4 Rxd4+ 30. Kc3 Qc5+ 31. Kb2 Qxe5 32. Nxd4 Qxd4+ 33.
Kb1 Qd1+ 34. Kb2 Qd4+ 1/2-1/2

[Event "Doeberl Cup"]
[Site "Canberra AUS"]
[Date "2010.04.01"]
[Round "1"]
[White "Jackson, R AUS."]
[Black "Johansen, D."]
[Result "0-1"]
[WhiteElo "2081"]
[BlackElo "2477"]
[PlyCount "68"]
[EventDate "2010.04.01"]
[EventType "swiss"]
[EventRounds "9"]
[EventCountry "AUS"]
[Source "Mark Crowther"]
[SourceDate "2010.04.05"]

1. d4 c5 2. e3 Nf6 3. Nf3 g6 4. b3 Bg7 5. Bb2 O-O 6. Bd3 b6 7. Qe2 Nc6 8. Nbd2
Bb7 9. a3 cxd4 10. exd4 Nd5 11. g3 e6 12. O-O-O a6 13. h4 h6 14. c4 Nf6 15. Kb1
d5 16. Rhe1 Re8 17. Bc2 dxc4 18. Nxc4 b5 19. Nce5 b4 20. Nxc6 Bxc6 21. a4 Bb7
22. Ne5 Rc8 23. h5 Nxh5 24. Nxg6 fxg6 25. Bxg6 Nf6 26. Bxe8 Be4+ 27. Ka2 Qxe8
28. Rc1 Bd5 29. Rxc8 Qxc8 30. Rc1 Qb7 31. Qc2 Ne4 32. g4 Qf7 33. Rf1 Qf3 34.
Qc8+ Bf8 0-1

[Event "Doeberl Cup"]
[Site "Canberra AUS"]
[Date "2010.04.01"]
[Round "1"]
[White "Roy Chowdhury, S."]
[Black "Matheson, L."]
[Result "1-0"]
[WhiteElo "2435"]
[BlackElo "2062"]
[PlyCount "71"]
[EventDate "2010.04.01"]
[EventType "swiss"]
[EventRounds "9"]
[EventCountry "AUS"]
[Source "Mark Crowther"]
[SourceDate "2010.04.05"]

1. e4 c5 2. Nc3 a6 3. Nf3 d6 4. d4 cxd4 5. Nxd4 Nf6 6. Be3 e5 7. Nf3 Be7 8. Bc4
O-O 9. O-O Nbd7 10. a4 Qc7 11. Qe2 b6 12. Bg5 Bb7 13. Nh4 Nc5 14. Nf5 Ne6 15.
Bxf6 Bxf6 16. Rfd1 Nd4 17. Nxd4 exd4 18. Nd5 Bxd5 19. Bxd5 Ra7 20. f4 Qc5 21.
Qd3 Rc8 22. Rd2 b5 23. axb5 axb5 24. Rf1 Rac7 25. Re2 h6 26. Bb3 b4 27. g3 Ra7
28. Kg2 Rac7 29. Rf3 Ra7 30. e5 dxe5 31. fxe5 Bxe5 32. Qf5 Bd6 33. Bxf7+ Kh8
34. Qg6 Re7 35. Ref2 Qg5 36. Qxd6 1-0

[Event "Doeberl Cup"]
[Site "Canberra AUS"]
[Date "2010.04.01"]
[Round "1"]
[White "Stevens, T."]
[Black "Solomon, SJ."]
[Result "1/2-1/2"]
[WhiteElo "2032"]
[BlackElo "2430"]
[PlyCount "96"]
[EventDate "2010.04.01"]
[EventType "swiss"]
[EventRounds "9"]
[EventCountry "AUS"]
[Source "Mark Crowther"]
[SourceDate "2010.04.05"]

1. e4 e5 2. Nf3 Nc6 3. Nc3 Nf6 4. a3 a6 5. d4 exd4 6. Nd5 d6 7. Bc4 Be7 8. Nxd4
Nxd4 9. Qxd4 Nxd5 10. exd5 O-O 11. O-O f5 12. f4 Bf6 13. Qf2 Re8 14. c3 Qe7 15.
Bd2 Bd7 16. Rfe1 Qf7 17. Be3 Bb5 18. Bxb5 axb5 19. Qd2 Re4 20. Bf2 Rae8 21. Re3
Rxe3 22. Bxe3 Re4 23. Re1 h6 24. Qd3 Qe8 25. Kf2 Qh5 26. Kg1 Qe8 27. Kf2 g5 28.
fxg5 Bxg5 29. Re2 Kf7 30. g3 Kg6 31. Bxg5 hxg5 32. Rxe4 fxe4 33. Qd1 Qe5 34.
Ke3 Kf5 35. Qh5 Qxd5 36. Qh7+ Ke5 37. Qe7+ Kf5 38. Qh7+ Kf6 39. Qh6+ Ke7 40.
Qh7+ Kd8 41. Qh8+ Kd7 42. Qh7+ Kd8 43. Qh8+ Ke7 44. Qg7+ Ke8 45. Qh8+ Kf7 46.
Qh7+ Kf6 47. Qh6+ Kf5 48. Qh7+ Kf6 1/2-1/2

[Event "Doeberl Cup"]
[Site "Canberra AUS"]
[Date "2010.04.01"]
[Round "1"]
[White "Goldenberg, I."]
[Black "Morriss, P."]
[Result "1-0"]
[WhiteElo "2404"]
[BlackElo "1989"]
[PlyCount "83"]
[EventDate "2010.04.01"]
[EventType "swiss"]
[EventRounds "9"]
[EventCountry "AUS"]
[Source "Mark Crowther"]
[SourceDate "2010.04.05"]

1. c4 Nf6 2. Nc3 c5 3. Nf3 Na6 4. g3 g6 5. Bg2 Bg7 6. O-O O-O 7. d4 d5 8. cxd5
Nxd5 9. e4 Nxc3 10. bxc3 Bg4 11. Be3 Qa5 12. Qb3 b5 13. Rab1 Rab8 14. h3 Be6
15. d5 Bd7 16. Bg5 c4 17. Qd1 Rfe8 18. Bf4 Bxc3 19. Bxb8 Rxb8 20. Nd4 Nc5 21.
Ne2 Bg7 22. Qc2 Nd3 23. f4 Rc8 24. e5 Qb6+ 25. Kh2 Bf5 26. Qc3 b4 27. Qd4 Qa6
28. g4 Bd7 29. Nc1 Nxc1 30. Rfxc1 Qb5 31. Bf1 g5 32. Rxc4 Rxc4 33. Bxc4 Qb8 34.
d6 gxf4 35. Rxb4 Qc8 36. Qxf4 e6 37. Bd3 Bc6 38. Be4 Bxe4 39. Qxe4 Qc5 40. Rb8+
Bf8 41. Kg2 Qc3 42. Qf4 1-0

[Event "Doeberl Cup"]
[Site "Canberra AUS"]
[Date "2010.04.01"]
[Round "1"]
[White "Tan, Ju1"]
[Black "Toth, And1"]
[Result "0-1"]
[WhiteElo "2281"]
[BlackElo "2385"]
[PlyCount "64"]
[EventDate "2010.04.01"]
[EventType "swiss"]
[EventRounds "9"]
[EventCountry "AUS"]
[Source "Mark Crowther"]
[SourceDate "2010.04.05"]

1. e4 c5 2. Nf3 d6 3. d4 cxd4 4. Nxd4 Nf6 5. Nc3 a6 6. Be3 e6 7. f3 b5 8. Qd2
Bb7 9. g4 h6 10. h4 Nbd7 11. O-O-O b4 12. Nce2 d5 13. Bh3 dxe4 14. g5 hxg5 15.
hxg5 exf3 16. g6 Rxh3 17. Rxh3 fxe2 18. Qxe2 Bd5 19. gxf7+ Kxf7 20. Kb1 Qa5 21.
Nb3 Qc7 22. Rh4 a5 23. Rf1 a4 24. Nd4 Qc4 25. Qxc4 Bxc4 26. Rd1 Bd5 27. b3 Ne4
28. Ne2 Ndf6 29. Bd4 Bd6 30. Nc1 g5 31. Rh6 Kg7 32. Rh3 e5 0-1

[Event "Doeberl Cup"]
[Site "Canberra AUS"]
[Date "2010.04.01"]
[Round "1"]
[White "Lane, G."]
[Black "Milligan, H."]
[Result "1-0"]
[WhiteElo "2379"]
[BlackElo "1976"]
[PlyCount "63"]
[EventDate "2010.04.01"]
[EventType "swiss"]
[EventRounds "9"]
[EventCountry "AUS"]
[Source "Mark Crowther"]
[SourceDate "2010.04.05"]

1. e4 e5 2. Bc4 Nf6 3. d3 Be7 4. Nf3 Nc6 5. O-O O-O 6. a4 d6 7. a5 Bg4 8. c3
Qd7 9. Re1 Nd8 10. Nbd2 Ne6 11. Nf1 c6 12. Ba2 b5 13. h3 Bxf3 14. Qxf3 c5 15.
Ne3 Rab8 16. Nf5 b4 17. Bc4 Bd8 18. Qg3 Kh8 19. d4 Nh5 20. Qf3 g6 21. dxe5 dxe5
22. Bh6 Neg7 23. Red1 Qc7 24. Nd6 Nf6 25. g4 Ng8 26. Be3 f6 27. Nb5 Qe7 28.
cxb4 cxb4 29. Nxa7 Ra8 30. Nc6 Qb7 31. Bd5 Qb5 32. Nxe5 1-0

[Event "Doeberl Cup"]
[Site "Canberra AUS"]
[Date "2010.04.01"]
[Round "1"]
[White "Stojic, S."]
[Black "Lahiri, A."]
[Result "1/2-1/2"]
[WhiteElo "2016"]
[BlackElo "2361"]
[PlyCount "221"]
[EventDate "2010.04.01"]
[EventType "swiss"]
[EventRounds "9"]
[EventCountry "AUS"]
[Source "Mark Crowther"]
[SourceDate "2010.04.05"]

1. e4 e6 2. d4 d5 3. e5 c5 4. c3 Nc6 5. Nf3 Qb6 6. a3 c4 7. Nbd2 Na5 8. Rb1 Bd7
9. Be2 f6 10. O-O Nh6 11. b3 cxb3 12. c4 Bc6 13. Re1 O-O-O 14. Bb2 Kb8 15. Bf1
Re8 16. Bc3 Nf7 17. c5 Qc7 18. Nxb3 Nc4 19. Nfd2 Nxa3 20. Rb2 Nb5 21. Bxb5 Bxb5
22. Na5 a6 23. exf6 gxf6 24. Nb1 Nd8 25. Na3 Bc6 26. Qd3 Kc8 27. Reb1 Re7 28.
Rb6 Qf4 29. Nxc6 Nxc6 30. Rxc6+ bxc6 31. Qxa6+ Kd7 32. Qa8 e5 33. Qb8 Ke6 34.
Qd6+ Kf7 35. Qxc6 exd4 36. Qxd5+ Kg6 37. Bxd4 Qe4 38. Qc4 Qe1+ 39. Rxe1 Rxe1+
40. Qf1 Rxf1+ 41. Kxf1 Be7 42. Nb5 Rc8 43. Nd6 Bxd6 44. cxd6 Rc6 45. Ke2 Kf5
46. Kf3 Rxd6 47. Be3 Ra6 48. Bc5 Ra5 49. Bb4 Rb5 50. Bd2 Rb3+ 51. Be3 Ke5 52.
Kg4 Ke4 53. Kh5 Rb7 54. Kh6 Rc7 55. g4 Kf3 56. g5 fxg5 57. Kxg5 Rc6 58. h4 Rg6+
59. Kf5 Ra6 60. Kg5 Ke4 61. h5 Kf3 62. h6 Ke4 63. Kg4 Rg6+ 64. Bg5 Ra6 65. f3+
Ke5 66. f4+ Ke4 67. f5 Ke5 68. Bf4+ Kf6 69. Bg5+ Ke5 70. Bf4+ Ke4 71. Bg5 Ra1
72. f6 Rg1+ 73. Kh4 Ke5 74. Kh5 Ke6 75. Bh4 Rg8 76. Bg5 Kf5 77. Bh4 Ra8 78. Bg5
Rc8 79. Kh4 Rg8 80. Bd2 Kxf6 81. Bc3+ Kf5 82. Bg7 Kf4 83. Kh3 Ra8 84. Kg2 Ra2+
85. Kf1 Ke3 86. Ke1 Rd2 87. Bf8 Rd5 88. Bg7 Rd2 89. Bf8 Re2+ 90. Kd1 Kd3 91.
Bg7 Re4 92. Kc1 Rg4 93. Kb2 Rc4 94. Kb3 Rc6 95. Kb4 Rc8 96. Kb5 Ke4 97. Kb4 Kd3
98. Kb5 Rc4 99. Bf6 Rc2 100. Bg7 Rc7 101. Kb4 Rc8 102. Kb5 Ke4 103. Kb4 Rc6
104. Kb5 Rc7 105. Kb4 Kf5 106. Kb3 Kg5 107. Kb4 Rc6 108. Kb5 Rc7 109. Kb6 Rc8
110. Kb5 Kg6 111. Kb4 1/2-1/2

[Event "Doeberl Cup"]
[Site "Canberra AUS"]
[Date "2010.04.01"]
[Round "1"]
[White "Sharma, Di"]
[Black "Shi, Dawen"]
[Result "1-0"]
[WhiteElo "2376"]
[BlackElo "2009"]
[PlyCount "135"]
[EventDate "2010.04.01"]
[EventType "swiss"]
[EventRounds "9"]
[EventCountry "AUS"]
[Source "Mark Crowther"]
[SourceDate "2010.04.05"]

1. e4 d5 2. exd5 Nf6 3. d4 Nxd5 4. c4 Nb6 5. a4 a5 6. Nc3 Nc6 7. c5 Nd5 8. Bb5
g6 9. Nge2 Bg7 10. O-O O-O 11. Bg5 Nxc3 12. bxc3 Qd5 13. Qd2 f6 14. Be3 Rd8 15.
Rfd1 Qf7 16. Qb2 Be6 17. Nf4 Rab8 18. Nxe6 Qxe6 19. Qe2 Kh8 20. Bc4 Qf5 21. Bd3
Qd7 22. Bf4 Qc8 23. Bc4 e5 24. Be3 exd4 25. cxd4 Qf5 26. Rac1 Nb4 27. Qd2 c6
28. h3 g5 29. Qe2 Nd5 30. Bxd5 Qxd5 31. Rb1 Qf7 32. Rb6 Ra8 33. Rdb1 Ra7 34.
Qf3 Qd7 35. g4 Qe7 36. Kg2 Rd7 37. h4 h6 38. Qf5 Qf7 39. Kg3 Ra8 40. hxg5 hxg5
41. Kg2 Ra7 42. R6b2 Kg8 43. Kg3 Qe7 44. Rb6 Qf7 45. Rh1 Qd5 46. Re1 Qf7 47.
Reb1 Qe7 48. R6b3 Qf7 49. R1b2 Qe7 50. Kf3 Qf7 51. Kg3 Qe7 52. f3 Qf7 53. Kf2
Qe7 54. Rd3 Rd5 55. Qe4 Qf7 56. Rdb3 Rd7 57. Qb1 Bf8 58. Kg2 Rc7 59. Bf2 Rd7
60. Qf5 Qe7 61. Re3 Qf7 62. Re6 Bg7 63. Rbe2 Ra8 64. Bg3 Rc8 65. Bd6 Rcd8 66.
Kg3 b6 67. Re7 Rxe7 68. Rxe7 1-0

[Event "Doeberl Cup"]
[Site "Canberra AUS"]
[Date "2010.04.01"]
[Round "1"]
[White "Zulfic, F."]
[Black "Rej, T."]
[Result "0-1"]
[WhiteElo "2020"]
[BlackElo "2347"]
[PlyCount "56"]
[EventDate "2010.04.01"]
[EventType "swiss"]
[EventRounds "9"]
[EventCountry "AUS"]
[Source "Mark Crowther"]
[SourceDate "2010.04.05"]

1. d4 d5 2. c4 c6 3. cxd5 cxd5 4. Nc3 Nf6 5. Bf4 g6 6. Nf3 Bg7 7. e3 O-O 8. h3
Nc6 9. Bd3 Bd7 10. O-O Rc8 11. Rc1 a6 12. a3 Bf5 13. Na4 Bxd3 14. Qxd3 Ne4 15.
Nc5 Nxc5 16. Rxc5 Na5 17. Rxc8 Qxc8 18. e4 Qc4 19. Qxc4 dxc4 20. Bd2 Nb3 21.
Bc3 Rd8 22. Rd1 e6 23. Kf1 b5 24. Ke2 a5 25. e5 Bf8 26. Be1 b4 27. a4 Bh6 28.
g4 Bc1 0-1

[Event "Doeberl Cup"]
[Site "Canberra AUS"]
[Date "2010.04.01"]
[Round "2"]
[White "Rej, T."]
[Black "Malaniuk, V."]
[Result "1/2-1/2"]
[WhiteElo "2347"]
[BlackElo "2563"]
[PlyCount "56"]
[EventDate "2010.04.01"]
[EventType "swiss"]
[EventRounds "9"]
[EventCountry "AUS"]
[Source "Mark Crowther"]
[SourceDate "2010.04.05"]

1. d4 f5 2. g3 Nf6 3. Bg2 g6 4. Nf3 Bg7 5. O-O O-O 6. c4 d6 7. d5 Na6 8. Nc3
Qe8 9. Nd4 Bd7 10. e4 fxe4 11. Nxe4 Nxe4 12. Bxe4 c6 13. Bg2 Nc7 14. Bg5 e5 15.
dxc6 bxc6 16. Nc2 d5 17. cxd5 cxd5 18. Nb4 d4 19. Rc1 Ne6 20. Bd2 Rb8 21. Nd3
Bb5 22. Be4 Kh8 23. b3 Qf7 24. Qc2 Qf6 25. a4 Ba6 26. b4 Ng5 27. Bxg5 Qxg5 28.
b5 Bc8 1/2-1/2

[Event "Doeberl Cup"]
[Site "Canberra AUS"]
[Date "2010.04.01"]
[Round "2"]
[White "Li Chao"]
[Black "Sharma, Di"]
[Result "0-1"]
[WhiteElo "2320"]
[BlackElo "2376"]
[PlyCount "134"]
[EventDate "2010.04.01"]
[EventType "swiss"]
[EventRounds "9"]
[EventCountry "AUS"]
[Source "Mark Crowther"]
[SourceDate "2010.04.05"]

1. e4 c5 2. Nf3 d6 3. d4 cxd4 4. Nxd4 Nf6 5. Nc3 g6 6. Be3 Bg7 7. f3 Nc6 8. Qd2
O-O 9. Bc4 a5 10. a4 Bd7 11. O-O-O Rc8 12. Bb3 Ne5 13. Ndb5 Be6 14. Kb1 Nc4 15.
Bxc4 Bxc4 16. h4 h5 17. Bd4 Qd7 18. b3 Qe6 19. Rhe1 Bxb5 20. Nxb5 d5 21. exd5
Qxd5 22. Bb2 Rfd8 23. Qxd5 Nxd5 24. Bxg7 Kxg7 25. g3 Kf6 26. c4 Nb4 27. Nc3 e6
28. Ne4+ Ke7 29. Nf2 Nc6 30. Kb2 Nd4 31. f4 Nf3 32. Rf1 Nd2 33. Rfe1 Rd6 34.
Re2 Rcd8 35. Kc2 Nf3 36. Rxd6 Rxd6 37. Kc3 b6 38. Re3 Nh2 39. Re1 Nf3 40. Re3
Nd2 41. Re1 f5 42. b4 axb4+ 43. Kxb4 Kd7 44. c5 bxc5+ 45. Kxc5 Nb3+ 46. Kc4
Na5+ 47. Kc3 Rb6 48. Nd3 Rb3+ 49. Kc2 Ra3 50. Rg1 Nc4 51. Nb2 Ne3+ 52. Kd2 Nd5
53. Nc4 Rxa4 54. Ne5+ Kd6 55. Nxg6 Ra2+ 56. Kd3 Ra3+ 57. Kc4 Ra4+ 58. Kd3 Nf6
59. Ne5 Kd5 60. Rb1 Ra3+ 61. Ke2 Ne4 62. Rb5+ Kd4 63. Nf3+ Kc4 64. Re5 Nxg3+
65. Kf2 Ne4+ 66. Ke2 Ra2+ 67. Ke1 Kd3 0-1

[Event "Doeberl Cup"]
[Site "Canberra AUS"]
[Date "2010.04.01"]
[Round "2"]
[White "Sandler, L."]
[Black "Panchanathan, M."]
[Result "0-1"]
[WhiteElo "2332"]
[BlackElo "2493"]
[PlyCount "84"]
[EventDate "2010.04.01"]
[EventType "swiss"]
[EventRounds "9"]
[EventCountry "AUS"]
[Source "Mark Crowther"]
[SourceDate "2010.04.05"]

1. d4 Nf6 2. Nf3 e6 3. g3 d5 4. Bg2 Be7 5. O-O O-O 6. c4 dxc4 7. Qc2 a6 8. Qxc4
b5 9. Qc2 Bb7 10. Bd2 Nbd7 11. Ba5 Bd6 12. Nbd2 Qe8 13. Nb3 Be4 14. Qd2 Qe7 15.
Rac1 c5 16. dxc5 Nxc5 17. Nxc5 Bxc5 18. Ne5 Rac8 19. Nd7 Bxg2 20. Nxf6+ Qxf6
21. Kxg2 h5 22. h3 Bd4 23. b3 Rxc1 24. Qxc1 e5 25. e3 Bb6 26. Bxb6 Qxb6 27. Qc2
Qb7+ 28. Kg1 Qf3 29. Qd1 e4 30. Qd6 h4 31. Rc1 hxg3 32. Qxg3 Qe2 33. Qe5 Qxa2
34. b4 Qd2 35. Ra1 Qxb4 36. Rxa6 Rc8 37. Kg2 Qc4 38. Rb6 Rc5 39. Qf4 f6 40. h4
Re5 41. Qg4 Qf7 42. Kg3 Qc7 0-1

[Event "Doeberl Cup"]
[Site "Canberra AUS"]
[Date "2010.04.01"]
[Round "2"]
[White "Bojkov, D."]
[Black "Wallis, C."]
[Result "1-0"]
[WhiteElo "2521"]
[BlackElo "2246"]
[PlyCount "97"]
[EventDate "2010.04.01"]
[EventType "swiss"]
[EventRounds "9"]
[EventCountry "AUS"]
[Source "Mark Crowther"]
[SourceDate "2010.04.05"]

1. e4 e5 2. Nf3 Nc6 3. Bc4 Nf6 4. d3 Be7 5. O-O O-O 6. Bb3 d6 7. c3 Be6 8. Bc2
d5 9. Nbd2 a5 10. Re1 dxe4 11. dxe4 Nd7 12. Qe2 Nb6 13. Rd1 Bf6 14. Nb3 Qe7 15.
Be3 Nc4 16. Bc5 Nd6 17. Nbd2 Rfd8 18. Nf1 b6 19. Ba3 Na7 20. Ne3 c6 21. Bxd6
Rxd6 22. Qa6 Rxd1+ 23. Rxd1 Qc7 24. Bb3 Bc8 25. Qd3 g6 26. h3 Kg7 27. Rd2 h5
28. Kh2 Be7 29. g3 Bc5 30. a3 Qe7 31. Qd8 Qf6 32. Qxf6+ Kxf6 33. Rd8 Be7 34.
Rh8 b5 35. h4 a4 36. Ba2 Bb7 37. Rh7 Rf8 38. Ng5 Nc8 39. Bxf7 Nd6 40. Ba2 Bc8
41. f4 Bd8 42. Nf3 Nf7 43. Bxf7 Rxf7 44. Rxf7+ Kxf7 45. Nxe5+ Kg7 46. Nxc6 Bb6
47. Nd5 Bc5 48. Nd4 Bd7 49. Nc7 1-0